Wszyscy zwycięzcy Ligi Europy - Statystyki

Ogólne statystyki
  • Ten quiz został rozwiązany 32 razy
  • Średni wynik to 31 z 53
Statystyki odpowiedzi
Hint Odpowiedź % Poprawnych
2017 Manchester United
93%
2006 Sevilla FC
93%
2007 Sevilla FC
93%
2014 Sevilla FC
93%
2015 Sevilla FC
93%
2016 Sevilla FC
93%
2020 Sevilla FC
93%
2023 Sevilla FC
93%
2013 Chelsea FC
89%
2019 Chelsea FC
89%
2010 Atletico Madryt
82%
2012 Atletico Madryt
82%
2018 Atletico Madryt
82%
1977 Juventus Turyn
79%
1990 Juventus Turyn
79%
1993 Juventus Turyn
79%
1985 Real Madryt
79%
1986 Real Madryt
79%
2024 Atalanta BC
75%
1973 FC Liverpool
71%
1976 FC Liverpool
71%
2001 FC Liverpool
71%
2022 Eintracht Frankfurt
68%
2003 FC Porto
68%
2011 FC Porto
68%
1991 Inter Mediolan
68%
1994 Inter Mediolan
68%
1998 Inter Mediolan
68%
2021 Villarreal CF
61%
1996 Bayern Monachium
57%
1972 Tottenham Hotspur
50%
1984 Tottenham Hotspur
50%
1988 Bayer 04 Leverkusen
46%
2008 Zenit Petersburg
46%
2002 Feyenoord Rotterdam
43%
1974 SC Feyenoord
43%
2009 Szachtar Donieck
43%
1978 PSV Eindhoven
39%
2004 Valencia CF
39%
1989 SSC Napoli
36%
1995 AC Parma
29%
1999 AC Parma
29%
2000 Galatasaray
29%
1975 Borussia Monchengladbach
25%
1979 Borussia Monchengladbach
25%
1980 Borussia Monchengladbach
25%
2005 CSKA Moskwa
25%
1997 FC Schalke 04
21%
1983 RSC Anderlecht
21%
1982 IFK Goteborg
18%
1987 IFK Goteborg
18%
1981 Ipswich Town
14%
1992 Torino Calcio
7%
Nie znaleziono quizów pasujących do podanych kryteriów
Rozkład punktacji
Procent ludzi z każdym wynikiem
Percentyl według liczby udzielonych odpowiedzi
Twoja historia wyników
Nie rozwiązałeś tego quizu